Návrh marketingovej stratégie podniku s dopadom na životné prostredie diplomová práca

Na minha lista:
Detalhes bibliográficos
Autor principal: Gavurová, Michaela
Autor Corporativo: Obchodná fakulta EU. Katedra marketingu
Outros Autores: Nekolová, Veronika, 1984-
Formato: Livro
Idioma:eslovaco
Publicado em: Bratislava 2020
Tags: Adicionar Tag
Sem tags, seja o primeiro a adicionar uma tag!

MARC

LEADER 00000nbm a2200000 4500
001 0266343
005 20201006134536.1
041 0 |a slo 
044 |a SK 
245 1 0 |a Návrh marketingovej stratégie podniku s dopadom na životné prostredie  |b diplomová práca  |c Michaela Gavurová ; školiteľ: Veronika Nekolová 
264 1 |a Bratislava  |c 2020 
300 |a 96 s. 
100 1 |a Gavurová, Michaela 
700 1 |a Nekolová, Veronika, 1984- 
710 2 |a Obchodná fakulta EU. Katedra marketingu